Идентификация остановок городского общественного транспорта посредством синтаксического анализа их текстовых описаний; Информационные технологии в науке, управлении, социальной сфере и медицине

Bibliografische gegevens
Parent link:Информационные технологии в науке, управлении, социальной сфере и медицине.— 2015.— [С. 566-570]
Hoofdauteur: Чинь А. З.
Coauteur: Национальный исследовательский Томский политехнический университет (ТПУ) Институт кибернетики (ИК) Кафедра автоматики и компьютерных систем (АИКС)
Andere auteurs: Погребной В. Ю. Вадим Юрьевич
Samenvatting:Заглавие с титульного экрана
Nowadays, with the use of information technologies the quality of the urban public transportation canbe noticeably increased. It is important to understand local citizens’ demands and provide good informationservices. This article deals with the problem of identifying bus stops using their text descriptions receivedfrom users. The issue consists mainly of the difficulties in language understanding between machine andhuman and syntactically analyzing text messages/
Taal:Russisch
Gepubliceerd in: 2015
Reeks:Информационные технологии в государственном управлении и социальной сфере
Onderwerpen:
Online toegang:http://earchive.tpu.ru/handle/11683/17236
http://www.lib.tpu.ru/fulltext/c/2015/C24/246.pdf
Formaat: Elektronisch Hoofdstuk
KOHA link:https://koha.lib.tpu.ru/cgi-bin/koha/opac-detail.pl?biblionumber=614013

MARC

LEADER 00000naa2a2200000 4500
001 614013
005 20231101132803.0
035 |a (RuTPU)RU\TPU\conf\12171 
035 |a RU\TPU\conf\12168 
090 |a 614013 
100 |a 20150904d2015 k y0rusy50 ca 
101 0 |a rus  |d eng 
102 |a RU 
105 |a y z 101zy 
135 |a drcn ---uucaa 
181 0 |a i  
182 0 |a b 
200 1 |a Идентификация остановок городского общественного транспорта посредством синтаксического анализа их текстовых описаний  |d Urban public transport stop identification using syntactic analysis on text description  |f А. З. Чинь, В. Ю. Погребной 
203 |a Текст  |c электронный 
225 1 |a Информационные технологии в государственном управлении и социальной сфере 
230 |a 1 компьютерный файл (pdf; 429 Kb) 
300 |a Заглавие с титульного экрана 
320 |a [Библиогр.: с. 569-570 (3 назв.)] 
330 |a Nowadays, with the use of information technologies the quality of the urban public transportation canbe noticeably increased. It is important to understand local citizens’ demands and provide good informationservices. This article deals with the problem of identifying bus stops using their text descriptions receivedfrom users. The issue consists mainly of the difficulties in language understanding between machine andhuman and syntactically analyzing text messages/ 
337 |a Adobe Reader 
463 0 |0 (RuTPU)RU\TPU\conf\11725  |t Информационные технологии в науке, управлении, социальной сфере и медицине  |o сборник научных трудов II Международной конференции, 19-22 мая 2015 г., Томск  |f Национальный исследовательский Томский политехнический университет (ТПУ) ; ред. кол. О. Г. Берестнева [и др.]  |v [С. 566-570]  |d 2015 
510 1 |a Urban public transport stop identification using syntactic analysis on text description  |z eng 
610 1 |a труды учёных ТПУ 
610 1 |a электронный ресурс 
610 1 |a идентификация 
610 1 |a общественный транспорт 
610 1 |a синтаксический анализ 
610 1 |a транспортная система 
610 1 |a Томск 
700 1 |a Чинь  |b А. З. 
701 1 |a Погребной  |b В. Ю.  |c специалист в области автоматики и электроники  |c ассистент Томского политехнического университета  |f 1990-  |g Вадим Юрьевич  |2 stltpush  |3 (RuTPU)RU\TPU\pers\34815 
712 0 2 |a Национальный исследовательский Томский политехнический университет (ТПУ)  |b Институт кибернетики (ИК)  |b Кафедра автоматики и компьютерных систем (АИКС)  |h 125  |2 stltpush  |3 (RuTPU)RU\TPU\col\18698 
801 2 |a RU  |b 63413507  |c 20210129  |g RCR 
856 4 |u http://earchive.tpu.ru/handle/11683/17236 
856 4 |u http://www.lib.tpu.ru/fulltext/c/2015/C24/246.pdf 
942 |c BK